00259nam a2200097Ia 4500100002000000654002900020245004500049260003900094082001600133546001200149 aPrabhudev K.H.  aheat treatment of steels aHand book of heat treatment of steels bTata Mc Graw hillaNew Delhic1988 a671.36bPAN aENGLISH